| 000 | 01165nam0a2200325 4500 | ||
|---|---|---|---|
| 001 | RU\NLR\bibl\13196 | ||
| 005 | 20260406053006.0 | ||
| 021 |
_aRU _b98-25989 _91239 |
||
| 035 | _a(NLR Aleph) 000012863 | ||
| 090 |
_a48898 _c48898 |
||
| 100 | _a19990210d1998 |||y0rusy50 ca | ||
| 101 | 0 |
_arus _deng |
|
| 102 | _aRU | ||
| 105 | _a||||||||||||| | ||
| 200 | 1 |
_aНекоторые соображения о стабильности атомных объектов _fВ.А. Щеголев |
|
| 210 |
_aДубна _cОИЯИ _d1998 |
||
| 215 |
_a15 с. _cил. _d21 |
||
| 225 | 1 |
_aСообщ. Объед. ин-та ядер. исслед. _vД4-98-34 |
|
| 300 | _aРез. на англ. яз. | ||
| 320 | _aБиблиогр.: с. 13-14 | ||
| 606 | 0 |
_aАтомы _xСтабильность _92080203 _3RU\NLR\auth\661256121 |
|
| 606 | 0 |
_aАтомное ядро _xСтабильность _92048275 _3RU\NLR\auth\661228758 |
|
| 686 | _aВ36 | ||
| 686 | _aВ383.4 | ||
| 700 | 1 |
_4070 _8rus _7ca _aЩеголев _bВ. А. _3RU\NLR\auth\777840 _9117766 |
|
| 801 | 0 |
_aRU _bNLR _c19990210 _gPSBO |
|
| 801 | 1 |
_aRU _bNLR _c19990210 |
|
| 852 |
_aNLR _j98-6/2178 |
||
| 942 | _cBOOK | ||
| 980 | _aNB | ||